Finish the Movie Title IX Quiz Stats

 Plays Quiz Updated Oct 14, 2017

Challenge
Share
Tweet
Embed
Score 0/40 Timer 05:00
0 Plays Today
Start of Title Last Word % Correct
Catch Me If You...Can
96.1%
Last Man...Standing
91.4%
Sweet Home...Alabama
91.4%
Some Like It...Hot
90.5%
Tropic...Thunder
87.8%
Sleepy...Hollow
86.4%
You've Got...Mail
86.4%
The Princess...Bride
86.2%
Eternal Sunshine of the Spotless...Mind
85%
Total...Recall
83.6%
Burn After...Reading
80.4%
The Manchurian...Candidate
79.9%
Panic...Room
78.2%
The Pelican...Brief
77.4%
The Bridge on the River...Kwai
77.3%
10 Cloverfield...Lane
77.2%
Remember the...Titans
75.8%
Midnight in...Paris
74.1%
My Stepmother is an...Alien
73.5%
The Kite...Runner
72.7%
Start of Title Last Word % Correct
Mercury...Rising
69.7%
Kickin' It Old...Skool
68.4%
War of the...Worlds
68.1%
The Bone...Collector
66.9%
City by the...Sea
63.7%
The Boondock...Saints
62.9%
Primal...Fear
62.4%
Donnie...Brasco
58.1%
When Eight Bells...Toll
53.8%
Hello...Dolly!
53.1%
Beavis and Butt-Head Do...America
52.9%
Alpha...Dog
49.1%
Young...Guns
48.8%
Ex...Machina
47.3%
Smokin'...Aces
46%
A History of...Violence
44.7%
30 Days of...Night
35.9%
Eastern...Promises
33.9%
3000 Miles to...Graceland
31.3%
Red...Dragon
18.5%

You're not logged in!

Compare scores with friends on all Sporcle quizzes.
Join for Free
OR
Log In

You Might Also Like...

Show Comments

Extras

Top Quizzes Today


Score Distribution

Your Account Isn't Verified!

In order to create a playlist on Sporcle, you need to verify the email address you used during registration. Go to your Sporcle Settings to finish the process.

Report this User

Report this user for behavior that violates our Community Guidelines.

Details: